Bienvenue au Catalogue en Ligne des Bibliothèques de l'Universite du Burundi

International Financial Markets (Record no. 52859)

000 -GUIDE
Champ de contrôle de longueur fixe 00691nam a22002417a 4500
003 - IDENTITÉ DU NUMÉRO DE CONTRÔLE
Champ de contrôle BI-BuBU
008 - ÉLÉMENTS DE LONGUEUR FIXE - RENSEIGNEMENTS GÉNÉRAUX
Champ de contrôle de longueur fixe 251029b1986 eng fr|||| 001 0 fre d
020 ## - INTERNATIONAL STANDARD BOOK NUMBER
ISBN 0444010327
037 ## - SOURCE D'ACQUISITION
Source d'acquisition et du numéro d'inventaire Don
039 ## - NIVEAU DE CONTRÔLE BIBLIOGRAPHIQUE ET HISTORIQUE D'ENCODAGE [OBSOLETE]
Date creation 20251029120500.0
Nom catalographe Spès Niyuhire
040 ## - SOURCE DU CATALOGAGE
Organisme qui a effectué le catalogage original BI-BuBU
Code de la langue utilisée dans le catalogage fre
Organisme qui a effectué la transcription BI-BuBU
041 0# - CODE DE LANGUE
Code de langue du texte/de la piste sonore ou du titre distinct fre
080 ## - INDICE DE LA CLASSIFICATION DÉCIMALE UNIVERSELLE (CDU)
Indice de la Classification décimale universelle 336. 76
100 10 - VEDETTE PRINCIPALE - NOM DE PERSONNE
Code de relation aut.
Nom de personne Grabbe, J. Orlin.
245 10 - MENTION DU TITRE
Titre International Financial Markets
Mention de responsabilité, etc. J. Orlin Grabbe.
260 ## - PUBLICATION, DIFFUSION, ETC. (ADRESSE BIBLIOGRAPHIQUE)
Lieu de publication, diffusion, etc. New York, Amsterdam, London
Nom de l'éditeur, diffuseur, etc. Elsevier
Date of publication, distribution, etc 1986
300 ## - DESCRIPTION MATÉRIELLE
Collation xi-347 p.
Dimensions 26 cm.
504 ## - NOTE DE BIBLIOGRAPHIE ET INDEX.
Note de bibliographie et index. Index.
650 #7 - VEDETTE-MATIÈRE - NOM COMMUN
Source du terme BI-BuBU
Vedette de sujet ou vedette comportant un nom géographique Marché financier
Subdivision générale International
650 #7 - VEDETTE-MATIÈRE - NOM COMMUN
Vedette de sujet ou vedette comportant un nom géographique International
Subdivision générale Marché financier
655 #7 - TERME D'INDEXATION - GENRE OU FORME
Source du terme BI-BuBU
Données ou terme dominant sur le genre ou la forme Book
942 ## - ÉLÉMENTS D'ENTRÉE ADDITIONNELLE (KOHA)
Source de la classification ou du système de rangement
Type d item koha BOOK
Holdings
Statut de retrait Statut de perte Source de la classification ou du système de rangement Statut de déterioration Exclu du prêt Numéro d item Koha Localisation permanente Localisation actuelle Date d'acquisition Source d'acquisition Nombre de prêts Cote Code-barres Date last seen Prix en vigueur à partir du Type d item koha
        Ordered 84687 Bibliothèque du Campus Rohero Bibliothèque du Campus Rohero 29/10/2025 Don   336. 76 GRA. 5060000006728 29/10/2025 29/10/2025 BOOK
© 2019-2026 - Bibliothèques de l'Université du Burundi |Tous droits réservés
home | Pour toute information urgente Contactez nous | tel whatsupp: +25779204313